00235 a2200097 450000500170000002000180001710000160003524500490005125000110010026000260011120250628123431.0 a0-304-31265-7 aBUTTY, S. A axi, 270p.: ill, Graph, Figure, Picture Table a5th Ed aLondonbCassellc2007